000 01186nam2a2200253 4500
001 rc\2999593
005 20260315071618.0
035 _a(NLR Aleph) 007215846
090 _a13631795
_c13631795
100 _a20110919d1944 u y0rusy50 ca
101 0 _arus
102 _aRU
105 _ay z |||||
200 1 _aО минеральных источниках Западной Дигории
210 _d[1944]
215 _a[2] с.
461 0 _1001rc\2999577
_12001#$aˆ[‰Тезисы к докладам]$e[№ 1-131]$fНауч. сессия, посвященная 125-летию Ленингр. ун-та$v[№ 16]
_97682581
_aЛГУ. Научная сессия (1944)
_cЛенинград
_d[1944-1945]
_fНауч. сессия, посвященная 125-летию Ленингр. ун-та
_n4-я типография им. Евг. Соколовой
_o№ 1-131]
_p131 бр. и листовок
_t[Тезисы к докладам
_v[№ 16]
700 1 _aВерхало
_bН.Я.
_gНиколай Яковлевич
701 1 _aКузнецов
_bС.С.
801 0 _aRU
_bNLR
_gpsbo
801 1 _aRU
_bELAR
_2rusmarc
852 _aNLR
_jПр50 Г-3/3
942 _cUNSPEC
980 _aNB